An account of the loyal Mahomedans of India / (Record no. 131106)

MARC details
000 -LEADER
fixed length control field 00630nam a22002297a 4500
005 - DATE AND TIME OF LATEST TRANSACTION
control field 20170124110122.0
010 ## - LIBRARY OF CONGRESS CONTROL NUMBER
LC control number A-949930
020 ## - INTERNATIONAL STANDARD BOOK NUMBER
Terms of availability 150.00
035 ## - SYSTEM CONTROL NUMBER
System control number A-949930
037 ## - SOURCE OF ACQUISITION
Source of stock number/acquisition Cen Lib/Ret
040 ## - CATALOGING SOURCE
Original cataloging agency DPL
Language of cataloging EN
082 ## - DEWEY DECIMAL CLASSIFICATION NUMBER
Classification number 929.3
Item number AHM
100 ## - MAIN ENTRY--PERSONAL NAME
Personal name Ahmed Khan
9 (RLIN) 30859
245 ## - TITLE STATEMENT
Title An account of the loyal Mahomedans of India /
Statement of responsibility, etc by Ahmed Khan
246 ## - VARYING FORM OF TITLE
Remainder of title
260 ## - PUBLICATION, DISTRIBUTION, ETC. (IMPRINT)
Name of publisher, distributor, etc Khuda Bakhsh Oriental Public Library
Date of publication, distribution, etc 1998
Place of publication, distribution, etc Patna
270 ## - ADDRESS
City Bihar
300 ## - PHYSICAL DESCRIPTION
Extent various pagings
Dimensions 21cm(Hb)
650 ## - SUBJECT ADDED ENTRY--TOPICAL TERM
Topical term or geographic name as entry element Religion
9 (RLIN) 30860
650 ## - SUBJECT ADDED ENTRY--TOPICAL TERM
Topical term or geographic name as entry element India -- Mahomedans
9 (RLIN) 30861
942 ## - ADDED ENTRY ELEMENTS (KOHA)
Source of classification or shelving scheme Dewey Decimal Classification
Koha item type English Books
Classification part 929.3
Call number suffix AHM
Holdings
Withdrawn status Lost status Damaged status Not for loan Home library Current library Date acquired Source of acquisition Cost, normal purchase price Total Checkouts Full call number Barcode Date last seen Copy number Cost, replacement price Price effective from Koha item type
        Central Library Central Library 13/07/2015 Cen Lib/Ret 150.00   929.3 AHM A-949930 13/07/2015 1 150.00 13/07/2015 English Books

© Delhi Public Library
Hit Counter
free hit counter